00601nam a2200205Ia 4500003000400000005001700004008004100021020001900062040000700081041000800088100002300096245005300119260001700172300001000189650002000199700002700219942001300246999001900259952011700278OSt20260131094535.0250729s1959 xx 000 0 und d a978-0198611318 cAL aeng aFowler F W9228156 aThe concise oxford dictionary of current english aLondonc1959 a1548p aEnglish9228157 aFoo Digumurthi9228158 2ddccBED c237903d237903 00104070aALbALd2025-07-29eManagement Booksg20.00l0pBED03222r2025-07-29 16:56:11v20.00w2025-07-29yBK